000 00464nam a22001697a 4500
003 SGT
020 _a9788131269596
082 _a614.1
_bP24R
100 _aROHRIG, TIMOTHY
245 _aPOSTMORTEM TOXICOLOGY CHALLENGES & INTERPRETIVE CONSIDERATIONS
250 _a1ST
260 _aINDIA
_bELSEVIER PUB
_c2024
300 _a251
650 _aFORENSIC MEDICINE
653 _aPOSTMORTEM TOXICOLOGY CHALLENGES & INTERPRETIVE CONSIDERATIONS
942 _2ddc
_cBK
999 _c30773
_d30773